[Event "Vecindario Montalvo Memorial 16th"]
[Site "Vecindario"]
[Date "2024.03.28"]
[Round "6"]
[White "Cabrera Ramos, Javier"]
[Black "Fernandez Manrique, Agustin"]
[Result "0-1"]
[WhiteElo "1784"]
[BlackElo "2017"]
[PlyCount "60"]
[EventDate "2024.03.23"]
[EventType "swiss"]
[EventRounds "9"]
[EventCountry "ESP"]
[SourceTitle "CB15_2024"]
[SourceDate "2024.04.10"]
[SourceVersion "1"]
[SourceVersionDate "2024.04.10"]
[SourceQuality "1"]

1. Nf3 Nf6 2. e3 d6 3. c4 g6 4. b3 Bg7 5. Bb2 0-0 6. d4 c6 7. Bd3 Nbd7 8. Qc2 Re8 9. Nbd2 e5 10. 0-0-0 Qe7 11. dxe5 dxe5 12. Ne1 Nc5 13. f3 a5 14. e4 a4 15. b4 a3 16. Ba1 Na6 17. b5 cxb5 18. cxb5 Nb4 19. Qb3 Be6 20. Bc4 Bxc4 21. Nxc4 Rec8 22. Kd2 Qc5 23. Kc3 Bf8 24. Rd3 Qf2 25. Qb1 Qxa2 26. Qxa2 Nxa2+ 27. Kb3 Nc1+ 28. Kc3 Ra4 29. Rd1 Raxc4+ 30. Kd2 Bh6+ 0-1

[Event "Gran Canaria Vecindario op 1st"]
[Site "Gran Canaria"]
[Date "2023.11.05"]
[Round "6"]
[White "Fernandez Manrique, Agustin"]
[Black "Moreno Diepa, Diego"]
[Result "0-1"]
[WhiteElo "1880"]
[BlackElo "2071"]
[PlyCount "118"]
[EventDate "2023.11.04"]
[EventType "swiss"]
[EventRounds "9"]
[EventCountry "ESP"]
[SourceTitle "CB46_2023"]
[SourceDate "2023.11.15"]
[SourceVersion "1"]
[SourceVersionDate "2023.11.15"]
[SourceQuality "1"]

1. e4 e6 2. b3 d5 3. Bb2 dxe4 4. Nc3 Nf6 5. Qe2 Be7 6. 0-0-0 a5 7. g4 h6 8. Bg2 Nc6 9. Nxe4 Nxe4 10. Qxe4 Bf6 11. d4 a4 12. Ne2 0-0 13. h4 Qd5 14. Nc3 Qxe4 15. Nxe4 Be7 16. f4 Nb4 17. Kb1 Nd5 18. Rdf1 Ne3 19. Rf2 Nxg4 20. Rf3 Bd7 21. Rg3 f5 22. Nc5 Bxc5 23. dxc5 Bc6 24. Bxc6 bxc6 25. Re1 Kf7 26. Be5 Nxe5 27. Rxe5 axb3 28. cxb3 Kf6 29. h5 Rfe8 30. a4 Rad8 31. Kc2 Rd4 32. Re1 Rxf4 33. Reg1 Rb8 34. Rg6+ Ke5 35. Re1+ Kd4 36. Rgxe6 Kxc5 37. R1e3 Kd5 38. Re7 c5 39. Rxg7 c4 40. bxc4+ Rxc4+ 41. Rc3 Rxa4 42. Rd7+ Ke4 43. Re7+ Kf4 44. Rexc7 Ra2+ 45. Kd3 Kg5 46. Rg7+ Kxh5 47. Ke3 Re8+ 48. Kf3 Rae2 49. Ra3 R2e7 50. Rg1 Re4 51. Rb3 Rg4 52. Rh1+ Kg5 53. Rb6 h5 54. Rb7 Ra8 55. Rh7 Ra3+ 56. Kf2 h4 57. Rg7+ Kf4 58. Rh7 Ra2+ 59. Ke1 Ra1+ 0-1

[Event "Gran Canaria Vecindario op 1st"]
[Site "Gran Canaria"]
[Date "2023.11.04"]
[Round "5"]
[White "Quevedo Oliares, Carlos Tomas"]
[Black "Fernandez Manrique, Agustin"]
[Result "0-1"]
[WhiteElo "1523"]
[BlackElo "1880"]
[PlyCount "56"]
[EventDate "2023.11.04"]
[EventType "swiss"]
[EventRounds "9"]
[EventCountry "ESP"]
[SourceTitle "CB46_2023"]
[SourceDate "2023.11.15"]
[SourceVersion "1"]
[SourceVersionDate "2023.11.15"]
[SourceQuality "1"]

1. e4 e6 2. d4 d5 3. e5 c5 4. c3 Nc6 5. Nf3 Bd7 6. Bd3 Rc8 7. dxc5 Bxc5 8. 0-0 a5 9. Nbd2 Nge7 10. Nb3 Bb6 11. Bg5 Qc7 12. Qe2 Ng6 13. Rfe1 h6 14. Bd2 0-0 15. Nbd4 Bxd4 16. cxd4 Nb4 17. Bxb4 Nf4 18. Qd2 Nxd3 19. Bxa5 Qc2 20. Red1 Nxb2 21. Rdc1 Qxd2 22. Bxd2 Rxc1+ 23. Rxc1 Ra8 24. Rb1 Rxa2 25. h3 b6 26. Ne1 Ba4 27. Bc3 Nd1 28. f3 Nxc3 0-1

[Event "Paracin op 16th"]
[Site "Paracin"]
[Date "2023.07.12"]
[Round "6"]
[White "Fernandez Manrique, Agustin"]
[Black "Tamas, Christian Arrydan"]
[Result "1/2-1/2"]
[WhiteElo "2057"]
[BlackElo "2006"]
[PlyCount "70"]
[EventDate "2023.07.07"]
[EventType "swiss"]
[EventRounds "9"]
[EventCountry "SRB"]
[SourceTitle "EXT 2024"]
[Source "ChessBase"]
[SourceDate "2023.10.10"]
[SourceVersion "1"]
[SourceVersionDate "2023.10.10"]
[SourceQuality "1"]

1. Nf3 Nf6 2. d4 e6 3. g3 c5 4. c4 cxd4 5. Nxd4 d5 6. Bg2 e5 7. Nf3 d4 8. 0-0 Nc6 9. Bg5 Be7 10. e3 0-0 11. exd4 exd4 12. Re1 Be6 13. Nbd2 Rc8 14. b3 Re8 15. Ne5 h6 16. Nxc6 bxc6 17. Bxf6 Bxf6 18. Ne4 Be7 19. c5 f5 20. Bh3 Qd7 21. Nd6 Bxd6 22. cxd6 Qxd6 23. Qd3 g6 24. Bf1 c5 25. Qb5 Kg7 26. Rac1 Re7 27. Bc4 Bxc4 28. Rxe7+ Qxe7 29. Qxc4 Qe4 30. b4 d3 31. Qc3+ Qd4 32. bxc5 Qxc3 33. Rxc3 d2 34. Rd3 Rxc5 35. Rxd2 Ra5 1/2-1/2

[Event "Paracin Summer op 14th"]
[Site "Paracin"]
[Date "2021.07.10"]
[Round "3"]
[White "Fernandez Manrique, Agustin"]
[Black "Gusev, Mikhail"]
[Result "0-1"]
[WhiteElo "2090"]
[BlackElo "1859"]
[PlyCount "116"]
[EventDate "2021.07.09"]
[EventType "swiss"]
[EventRounds "9"]
[EventCountry "SRB"]
[SourceTitle "EXT 2022"]
[Source "ChessBase"]
[SourceDate "2021.10.06"]
[SourceVersion "1"]
[SourceVersionDate "2021.10.06"]
[SourceQuality "1"]

1. c4 e5 2. Nc3 Nf6 3. g3 d5 4. cxd5 Nxd5 5. Bg2 Nb6 6. e3 Nc6 7. Nge2 Be7 8. 0-0 Be6 9. b3 0-0 10. f4 f6 11. Bb2 Qd7 12. Rc1 Bh3 13. Bxh3 Qxh3 14. Ne4 Rad8 15. a3 Qd7 16. fxe5 Nxe5 17. d4 Ng4 18. Qd3 Nd5 19. Rf3 c6 20. Nf4 f5 21. Nc5 Bxc5 22. Rxc5 b6 23. Rc1 Rde8 24. Ng2 g6 25. Qc4 Re6 26. Nf4 Nxf4 27. exf4 b5 28. Qc5 Re2 29. h3 Nh2 30. Rf2 Nf3+ 31. Rxf3 Rxb2 32. Re3 Re8 33. Rce1 Rxe3 34. Rxe3 Rd2 35. Kf1 Rd1+ 36. Ke2 Rxd4 37. Qc2 Qd5 38. Rf3 c5 39. g4 fxg4 40. hxg4 c4 41. bxc4 bxc4 42. Qb2 Kf7 43. g5 Qd7 44. Qc3 Qd5 45. Qb2 Qd6 46. Kf2 Qb6 47. Qxb6 axb6 48. f5 Rd3 49. fxg6+ Kxg6 50. Rf4 b5 51. a4 Kxg5 52. Re4 bxa4 53. Rxc4 a3 54. Ra4 Rb3 55. Kg2 Rb2+ 56. Kg3 a2 57. Ra5+ Kf6 58. Kh3 Ke6 0-1

[Event "Tenerife-chT Preferente 1819"]
[Site "Tenerife"]
[Date "2019.01.26"]
[Round "6.2"]
[White "Hernandez Leon, Sergio"]
[Black "Fernandez Manrique, Agustin"]
[Result "1/2-1/2"]
[WhiteElo "2165"]
[BlackElo "2122"]
[PlyCount "135"]
[EventDate "2018.11.24"]
[EventType "team-tourn"]
[EventRounds "14"]
[EventCountry "ESP"]
[SourceTitle "CBM 189 Extra"]
[Source "ChessBase"]
[SourceDate "2019.06.03"]
[SourceVersion "1"]
[SourceVersionDate "2019.06.03"]
[SourceQuality "1"]
[WhiteTeam "Ebano Barrio Nuevo"]
[BlackTeam "Canarias 64"]
[WhiteTeamCountry "ESP"]
[BlackTeamCountry "ESP"]

1. e4 d6 2. d4 Nf6 3. Nc3 Nbd7 4. f4 e5 5. Nf3 exd4 6. Qxd4 c6 7. Be3 d5 8. e5 Bc5 9. Qd2 Bxe3 10. Qxe3 Ng4 11. Qd2 Qb6 12. 0-0-0 Qf2 13. h3 Qxd2+ 14. Rxd2 Nh6 15. g4 g6 16. Bd3 Nc5 17. Nd4 Bd7 18. b4 Ne6 19. Nce2 a5 20. b5 c5 21. Nxe6 Bxe6 22. c4 0-0-0 23. cxd5 Bxd5 24. Rhd1 Bf3 25. Bc4 Rxd2 26. Rxd2 Rd8 27. Nc3 Rd4 28. Rxd4 cxd4 29. Ne2 Bg2 30. Nxd4 Bxh3 31. g5 Ng8 32. Bxf7 Ne7 33. Kd2 Kc7 34. Kc3 Bg2 35. Bc4 Nd5+ 36. Bxd5 Bxd5 37. a4 Kb6 38. Nc2 Kc5 39. Nd4 Kb6 40. f5 gxf5 41. Nxf5 Kc5 42. Ng7 Be4 43. e6 Kd6 44. b6 Bc6 45. Kb3 Bd5+ 46. Kc3 Bxe6 47. Ne8+ Kc5 48. Nf6 Bf5 49. Ne8 Kxb6 50. Kc4 Kc6 51. Nf6 Bc2 52. Kc3 Bf5 53. Kc4 Bb1 54. Kd4 Kd6 55. Kc4 Kc6 56. Kd4 Bg6 57. Kc4 Bf5 58. Ne8 Bc2 59. Kc3 Bxa4 60. Nf6 Kd6 61. Nxh7 Be8 62. Nf6 Bf7 63. Ne4+ Kd5 64. Nf6+ Ke6 65. Kc4 Kf5+ 66. Kb5 Kxg5 67. Ne4+ Kf4 68. Nd6 1/2-1/2

[Event "ESP-ch FEDC 27th"]
[Site "Almunecar"]
[Date "2018.12.03"]
[Round "8"]
[White "Fernandez Manrique, Agustin"]
[Black "Draghici Flutur, Gavril"]
[Result "1-0"]
[WhiteElo "2122"]
[BlackElo "2123"]
[PlyCount "97"]
[EventDate "2018.11.26"]
[EventType "swiss"]
[EventRounds "8"]
[EventCountry "ESP"]
[SourceTitle "EXT 2024"]
[Source "ChessBase"]
[SourceDate "2023.10.10"]
[SourceVersion "1"]
[SourceVersionDate "2023.10.10"]
[SourceQuality "1"]

1. Nf3 d5 2. c4 d4 3. b4 g5 4. Bb2 Bg7 5. e3 e5 6. exd4 exd4 7. d3 g4 8. Qe2+ Ne7 9. Nfd2 0-0 10. Qd1 Ng6 11. g3 Re8+ 12. Be2 Qe7 13. Nb3 c5 14. bxc5 Nc6 15. Kf1 f5 16. Na3 h5 17. h3 b6 18. Nb5 bxc5 19. Ba3 Nb4 20. hxg4 hxg4 21. Bxb4 cxb4 22. N5xd4 a5 23. Nc2 Bb7 24. Rh5 a4 25. Nbd4 b3 26. axb3 axb3 27. Rxa8 Rxa8 28. Nxb3 Qf7 29. Ne3 Ne7 30. Rh4 Bf6 31. Rh2 Kg7 32. d4 Rh8 33. Rxh8 Kxh8 34. d5 Qh5 35. Kg1 Bc8 36. c5 Ng6 37. c6 Ne5 38. Nd4 Nf7 39. Bf1 Nd6 40. Bg2 Qg5 41. Ne6 Qg8 42. Qb3 Kh7 43. Nc4 Nxc4 44. Qxc4 Be7 45. Nf4 Bd6 46. Qd4 Qf7 47. Qe3 Ba6 48. Ne6 Qf6 49. Qa7+ 1-0

[Event "ESP-ch FEDC 27th"]
[Site "Almunecar"]
[Date "2018.12.02"]
[Round "7"]
[White "Fernandez Manrique, Agustin"]
[Black "Mendez Manturano, Miguel Eduardo"]
[Result "1-0"]
[WhiteElo "2122"]
[BlackElo "1709"]
[PlyCount "27"]
[EventDate "2018.11.26"]
[EventType "swiss"]
[EventRounds "8"]
[EventCountry "ESP"]
[SourceTitle "EXT 2024"]
[Source "ChessBase"]
[SourceDate "2023.10.10"]
[SourceVersion "1"]
[SourceVersionDate "2023.10.10"]
[SourceQuality "1"]

1. Nf3 d5 2. d4 Nf6 3. c4 c6 4. Qb3 dxc4 5. Qxc4 Be6 6. Qc2 Bd5 7. Nbd2 Na6 8. e4 Nxe4 9. Nxe4 Nb4 10. Qb1 Qa5 11. Bd2 Qa4 12. b3 Bxb3 13. Bxb4 Bc2 14. Nc3 1-0

[Event "ESP-ch FEDC 27th"]
[Site "Almunecar"]
[Date "2018.11.29"]
[Round "4"]
[White "Menendez Solar, Jose Carlos"]
[Black "Fernandez Manrique, Agustin"]
[Result "1/2-1/2"]
[WhiteElo "1826"]
[BlackElo "2122"]
[PlyCount "49"]
[EventDate "2018.11.26"]
[EventType "swiss"]
[EventRounds "8"]
[EventCountry "ESP"]
[SourceTitle "EXT 2024"]
[Source "ChessBase"]
[SourceDate "2023.10.10"]
[SourceVersion "1"]
[SourceVersionDate "2023.10.10"]
[SourceQuality "1"]

1. d4 d6 2. Bf4 Nf6 3. h3 g6 4. e3 Bg7 5. Nf3 0-0 6. Nbd2 c5 7. c3 Be6 8. Ng5 Bd7 9. Be2 Nc6 10. dxc5 e5 11. Bg3 d5 12. Ngf3 Ne8 13. 0-0 a5 14. Qb3 Nc7 15. a4 Rb8 16. Rfd1 Qe7 17. Nd4 Qxc5 18. Nb5 Na6 19. Nf3 Be6 20. Ng5 Qb6 21. Nd4 Qxb3 22. Nxb3 Rbd8 23. Nxe6 fxe6 24. Bxa6 bxa6 25. Nc5 1/2-1/2

[Event "Tenerife-chT Preferente 1718"]
[Site "Tenerife"]
[Date "2018.01.20"]
[Round "7.1"]
[White "Fernandez Garcia, Jose Luis"]
[Black "Fernandez Manrique, Agustin"]
[Result "1-0"]
[WhiteElo "2422"]
[BlackElo "2153"]
[PlyCount "77"]
[EventDate "2017.11.11"]
[EventType "team-tourn"]
[EventRounds "14"]
[EventCountry "ESP"]
[SourceTitle "EXT 2019"]
[Source "ChessBase"]
[SourceDate "2018.10.10"]
[SourceVersion "1"]
[SourceVersionDate "2018.10.10"]
[SourceQuality "1"]
[WhiteTeam "Fundacion La Caja de Canarias"]
[BlackTeam "Canarias 64"]
[WhiteTeamCountry "ESP"]
[BlackTeamCountry "ESP"]

1. e4 e6 2. Nf3 d5 3. exd5 exd5 4. d4 Nc6 5. Bb5 Bd6 6. 0-0 Nge7 7. c4 dxc4 8. Bxc4 0-0 9. h3 h6 10. Nc3 Nf5 11. Be3 Nh4 12. Ne4 Bf5 13. Nxd6 cxd6 14. d5 Na5 15. Nxh4 Qxh4 16. Be2 Rfe8 17. Rc1 b6 18. Qd2 Re4 19. Bd3 Re5 20. Bxf5 Rxf5 21. Qd3 Re5 22. Rc7 Re7 23. Rxe7 Qxe7 24. b4 Nb7 25. Qa6 f6 26. Bxb6 Qf7 27. Be3 Qxd5 28. Rc1 Kh7 29. Qc6 Qxc6 30. Rxc6 a5 31. b5 a4 32. Ra6 Rc8 33. Rxa4 Rc2 34. Ra7 Nc5 35. a4 Rb2 36. Bf4 Rb1+ 37. Kh2 d5 38. Be3 Ne6 39. Re7 1-0